Village government in Bihar : a case study of a village panchayat (Record no. 501836)

000 -LEADER
fixed length control field 00332cam a22001097a 4500
008 - FIXED-LENGTH DATA ELEMENTS--GENERAL INFORMATION
fixed length control field 180718b1963 xxu||||| |||| 00| 0 eng d
082 ## - DEWEY DECIMAL CLASSIFICATION NUMBER
Classification number B73x5413 P886
100 ## - MAIN ENTRY--PERSONAL NAME
Personal name Prasad, Ram Chandra
245 ## - TITLE STATEMENT
Title Village government in Bihar : a case study of a village panchayat
Statement of responsibility, etc. by Ram Chandra Prasad
260 ## - PUBLICATION, DISTRIBUTION, ETC.
Place of publication, distribution, etc. Delhi
Name of publisher, distributor, etc.
Date of publication, distribution, etc. 1963
300 ## - PHYSICAL DESCRIPTION
Extent 474p.
Holdings
Withdrawn status Lost status Damaged status Not for loan Permanent Location Current Location Date acquired Full call number Barcode Date last seen Price effective from Koha item type
        Indian Institute of Public Administration Indian Institute of Public Administration 2018-08-04 B73x5413 P886 GR5662 2018-08-04 2018-08-04 GR

Powered by Koha